000 00553nam a2200193Ia 4500
005 20250326144920.0
008 250326s9999 xx 000 0 und d
020 _a81-7629-400-4
037 _aTextbook
040 _aFMSL
_beng
_cFMSL
041 _aeng
_2eng
084 _aX:8D(G:55) P2
_qFMSL
100 _aPramanik A K
_9436977
245 0 _aEnvironmental accounting and reporting
_cPramanik A K
260 _aNew Delhi
_bNew Delhi, Deep & Deep
_c2002
300 _a517p
942 _cTB
_hX:8D(G:55) P2
999 _c1305597
_d1305597